Statistics for Most Populous Islands Outside the Tropics

Click here to take the quiz!

General Stats

  • This quiz has been taken 107 times
  • The average score is 13 of 18

Answer Stats

PopulationLatitudeIslandCountry% Correct
66,397,82149.95°NGreat BritainUnited Kingdom
97%
7,026,63651.43°NIrelandIreland / United Kingdom
95%
104,000,00033.43°NHonshu
Japan
92%
5,383,57941.38°NHokkaidoJapan
88%
1,244,18834.55°NCyprusCyprus
83%
5,017,00036.63°NSicilyItaly
82%
1,196,00040.50°SSouth IslandNew Zealand
82%
3,925,80034.38°SNorth IslandNew Zealand
81%
12,646,10430.98°NKyushuJapan
75%
1,659,00038.85°NSardiniaItaly
75%
8,063,26240.53°NLong IslandUnited States
73%
1,619,09040.70°NManhattanUnited States
70%
2,287,74054.95°NZealandDenmark
68%
3,815,00032.72°NShikokuJapan
66%
1,095,00025.80°NBahrainBahrain
51%
1,301,00026.07°NOkinawaJapan
43%
2,014,22145.40°NMontrealCanada
40%
2,040,00024.42°NXiamen IslandChina
20%

Score Distribution

Percentile by Number Answered

Percent of People with Each Score

Your Score History

You have not taken this quiz